000
00241nam a22000977a 4500
999
_c
17855
_d
17855
008
190215b xxu||||| |||| 00| 0 eng d
100
_a
Patrick Mukabi
245
_a
Parents
_b
Starting a fresh
_c
Betty Kyallo
300
_a
60p.
942
_2
lcc
_c
PER